Ứng dụng các kỹ thuật lên men, xử lý nhiệt và nano trong chế biến và nâng cao giá trị các chất có hoạt tính sinh học trong tỏi : Luận án Tiến sĩ. Chuyên ngành Công nghệ thực phẩm

Các sản phẩm chế biến từ tỏi (Allium sativum L.) có thể mở ra hướng sử dụng tỏi nhiều hơn để đáp ứng nhu cầu sức khỏe và phòng chống bệnh tật cho người sử dụng. Tỏi đen hoặc tỏi lên men thể hiện tác dụng chống oxy hóa mạnh m...

ver descrição completa

Na minha lista:
Detalhes bibliográficos
Autor principal: Nguyễn, Ái Thạch
Formato: Livro
Idioma:Undetermined
Publicado em: Cần Thơ Trường Đại học Cần Thơ 2020
Assuntos:
Tags: Adicionar Tag
Sem tags, seja o primeiro a adicionar uma tag!
Thư viện lưu trữ: Trung tâm Học liệu Trường Đại học Cần Thơ
LEADER 02101nam a2200253Ia 4500
001 CTU_237837
008 210402s9999 xx 000 0 und d
082 |a 615.882 
082 |b Th102 
088 |a 9540101 
100 |a Nguyễn, Ái Thạch 
245 0 |a Ứng dụng các kỹ thuật lên men, xử lý nhiệt và nano trong chế biến và nâng cao giá trị các chất có hoạt tính sinh học trong tỏi : 
245 0 |b Luận án Tiến sĩ. Chuyên ngành Công nghệ thực phẩm 
245 0 |c Nguyễn Ái Thạch ; Nguyễn Minh Thủy, Hà Phương Thư (Cán bộ hướng dẫn) 
260 |a Cần Thơ 
260 |b Trường Đại học Cần Thơ 
260 |c 2020 
520 |a Các sản phẩm chế biến từ tỏi (Allium sativum L.) có thể mở ra hướng sử dụng tỏi nhiều hơn để đáp ứng nhu cầu sức khỏe và phòng chống bệnh tật cho người sử dụng. Tỏi đen hoặc tỏi lên men thể hiện tác dụng chống oxy hóa mạnh mẽ và hương vị dịu hơn so với tỏi tươi. Bên cạnh đó, hội tụ của công nghệ nano với các công nghệ khác cũng sẽ tác động lớn đến sản xuất, chế biến và bảo quản tỏi. Vì vậy, nghiên cứu tác động của kỹ thuật chế biến, bảo quản, xây dựng các mô hình động học biến đổi các hoạt chất quan trọng trong các sản phẩm từ tỏi với công nghệ nano được ứng dụng nhằm duy trì và nâng cao chất lượng sản phẩm cho quá trình sử dụng ở mức độ cao và hiệu quả hơn. 
650 |a Garlic,Tỏi 
650 |x Health aspects,Khía cạnh sức khoẻ 
904 |i Hải 
910 |b tvtrong 
910 |c tvtrong,tvtrong 
980 |a Trung tâm Học liệu Trường Đại học Cần Thơ